000 00397 a2200121 4500
001 ART_7829
005 20260410161638.0
008 260409a
245 1 0 _aUn día de furia fiscal (o de las paradojas del Régimen de Percepción de ISIB en PBA)
100 1 _aLorenzo, Armando
700 1 _aCavalli, César M.
773 0 _tConsultor tributario
_g- Nº 13 (mar. 2008)
_wREV474
999 _c13064
_d13064